000 00652nam a2200169Ia 4500
008 090124s9999 xx 000 0 und d
082 _b19629
_a971
100 _aनिरंतर गं. भा. (गंगाधर भाऊराव)
245 _a अंधारांतील दिवे
250 _a0
300 _a138
600 _aनिरंतर गं. भा. (गंगाधर भाऊराव)
630 _a अंधारांतील दिवे
700 _aनिरंतर गं. भा. (गंगाधर भाऊराव)
730 _a अंधारांतील दिवे
942 _cBOOK
999 _c133494
_d133494